00933nam a2200229 i 4500001001000000003000900010005001700019007000300036008004100039040003000080041000800110082001900118110007600137245021500213264007600428300002700504336002700531337003300558338002800591700004500619700003900664000016480DO-SdBNP20251107093434.0ta100305s1977 dr 000 0 spa d aDO-SdBNPbspacBNPHUerda aspa axxxbL681n2221 aRepública Dominicana.bSecretaría de Estado de Industria y comercio10aLey número 13 del 27 de abril de 1963 :bde protección a la economía popular y leyes que la modifican y complementan /ccompilador Ganimedes Ramírez Pérez; prólogo José De Jesús Morillo López. aSanto Domingo :bSecretaría de Estado de Industria y comercio,c1977. a48 páginas ;c23 cm. ardacontentbtexto2txt ardamediabsin mediación2n ardacarrierbvolumen2nc1 aRamírez Pérez, Ganimedesecompilador1 aMorillo López, José De Jesús